[Event "TUR-chT Clubs"]
[Site "Konya"]
[Date "2019.07.20"]
[Round "8.11"]
[White "Barutcu, Sevil"]
[Black "Subasi, Cagla Nehir"]
[Result "1-0"]
[WhiteElo "1348"]
[BlackElo "1005"]
[PlyCount "53"]
[EventDate "2019.07.16"]
[EventType "team-swiss"]
[EventRounds "9"]
[EventCountry "TUR"]
[SourceTitle "CBM 191 Extra"]
[Source "ChessBase"]
[SourceDate "2019.09.30"]
[SourceVersion "1"]
[SourceVersionDate "2019.09.30"]
[SourceQuality "1"]
[WhiteTeam "Engin Gulec Genclik"]
[BlackTeam "Duzce Siyah Beyaz"]
[WhiteTeamCountry "TUR"]
[BlackTeamCountry "TUR"]

1. e4 e5 2. Nf3 d6 3. Bc4 Be7 4. 0-0 Nf6 5. Re1 0-0 6. h3 h6 7. c3 Nc6 8. d4 exd4 9. cxd4 Re8 10. Bd3 Bf8 11. Nc3 Nd7 12. a3 Nb6 13. Be3 Ne7 14. Qc2 Be6 15. Nh2 Bc4 16. f4 Bxd3 17. Qxd3 d5 18. e5 Ng6 19. f5 Ne7 20. Rf1 Qd7 21. Rae1 Nc6 22. Ng4 Qd8 23. f6 Na5 24. fxg7 Bxg7 25. Bxh6 Bxh6 26. Nxh6+ Kf8 27. Rxf7# 1-0

[Event "TUR-chT Clubs"]
[Site "Konya"]
[Date "2019.07.17"]
[Round "2.3"]
[White "Barutcu, Sevil"]
[Black "Kocyigit, Buse Naz"]
[Result "0-1"]
[WhiteElo "1348"]
[BlackElo "2045"]
[PlyCount "138"]
[EventDate "2019.07.16"]
[EventType "team-swiss"]
[EventRounds "9"]
[EventCountry "TUR"]
[SourceTitle "CBM 191 Extra"]
[Source "ChessBase"]
[SourceDate "2019.09.30"]
[SourceVersion "1"]
[SourceVersionDate "2019.09.30"]
[SourceQuality "1"]
[WhiteTeam "Engin Gulec Genclik"]
[BlackTeam "Bitlis Dernegi"]
[WhiteTeamCountry "TUR"]
[BlackTeamCountry "TUR"]

1. e4 c5 2. Nf3 d6 3. Bb5+ Nd7 4. 0-0 a6 5. Bxd7+ Bxd7 6. c3 Nf6 7. Re1 e6 8. d4 cxd4 9. cxd4 Be7 10. Nc3 0-0 11. h3 Ne8 12. Qb3 Rb8 13. Bf4 b5 14. Ne2 Qb6 15. Rac1 Nc7 16. Rc2 Rfc8 17. Rec1 a5 18. Qe3 Na8 19. Nh2 Qb7 20. b3 Rxc2 21. Rxc2 Rc8 22. Rxc8+ Qxc8 23. Qd2 b4 24. Nf1 Qb7 25. Neg3 Nc7 26. Qc2 Nb5 27. Ne2 Na3 28. Qd3 Bb5 29. Qf3 Nb1 30. Nfg3 Qc7 31. Qe3 e5 32. dxe5 dxe5 33. Qc1 Nc3 34. Bd2 Nxe2+ 35. Nxe2 Qxc1+ 36. Nxc1 Bc5 37. g3 f6 38. Kg2 Bd4 39. g4 Kf7 40. Kf3 Ke6 41. Be3 Kd6 42. Ne2 Bxe3 43. fxe3 Bd3 44. Nc1 Bb1 45. h4 g5 46. h5 h6 47. Ke2 Bxe4 48. Nd3 Kd5 49. Nc1 Bb1 50. Kf3 e4+ 51. Kf2 Ke5 52. Kg2 f5 53. gxf5 Kxf5 54. Kg3 Bd3 55. Kh3 Ke5 56. Kg3 Kf5 57. Kh3 Bf1+ 58. Kg3 g4 59. Kh4 Bd3 60. Kg3 Kg5 61. Kg2 Kxh5 62. Kg3 Kg5 63. Kg2 h5 64. Kg3 h4+ 65. Kg2 g3 66. Kg1 Kg4 67. Kg2 h3+ 68. Kg1 Kf3 69. Kh1 Bf1 0-1

[Event "TUR-chT Clubs"]
[Site "Konya"]
[Date "2019.07.16"]
[Round "1.18"]
[White "Tastekin, Sevval Sena"]
[Black "Barutcu, Sevil"]
[Result "0-1"]
[WhiteElo "1114"]
[BlackElo "1348"]
[PlyCount "128"]
[EventDate "2019.07.16"]
[EventType "team-swiss"]
[EventRounds "9"]
[EventCountry "TUR"]
[SourceTitle "CBM 191 Extra"]
[Source "ChessBase"]
[SourceDate "2019.09.30"]
[SourceVersion "1"]
[SourceVersionDate "2019.09.30"]
[SourceQuality "1"]
[WhiteTeam "Mustafa Kemal Ortaokulu"]
[BlackTeam "Engin Gulec Genclik"]
[WhiteTeamCountry "TUR"]
[BlackTeamCountry "TUR"]

1. d4 Nf6 2. c4 g6 3. Nc3 Bg7 4. e3 d6 5. Nf3 0-0 6. Be2 Re8 7. 0-0 Nbd7 8. e4 e5 9. dxe5 Nxe5 10. Bf4 Nfd7 11. Qc2 Nxf3+ 12. Bxf3 Ne5 13. Be2 Be6 14. b3 Nc6 15. Rac1 Nd4 16. Qd2 Nxe2+ 17. Nxe2 Qe7 18. Be3 Bc8 19. f3 b6 20. Rfe1 Bb7 21. Nc3 Qd7 22. Bd4 f6 23. Nd5 Bxd5 24. cxd5 Rac8 25. Qc3 Rf8 26. Qc6 Qd8 27. b4 Rf7 28. Re2 Bh6 29. Rce1 Bg7 30. a4 Re7 31. b5 Kf7 32. Kf2 Bh6 33. Be3 Bg7 34. Bd4 Kg8 35. h3 Bh8 36. Be3 Bg7 37. g4 g5 38. Bd4 Qf8 39. Rh1 Rf7 40. Ke3 Re7 41. Kd2 Bh6 42. Ke1 Bg7 43. Kf1 Bh6 44. Re3 Bg7 45. Re2 Rce8 46. h4 gxh4 47. Rxh4 Bh6 48. Ke1 Bg5 49. Rhh2 Bf4 50. Rhg2 Qh6 51. Qc3 Qh1+ 52. Rg1 Qh4+ 53. Kf1 Qh3+ 54. Reg2 Be5 55. Kf2 Qh4+ 56. Kf1 Qh3 57. Kf2 Qh4+ 58. Kf1 Qg5 59. Qd3 Qc1+ 60. Kf2 Qg5 61. Kf1 Qc1+ 62. Kf2 Qg5 63. Kf1 Bf4 64. Qc3 Be5 0-1